Propuestas y Tientos: Volumen II. Artículos y Ponencias: Tomo I
Bewaard in:
| Hoofdauteur: | |
|---|---|
| Formaat: | Boek |
| Taal: | Spanish |
| Gepubliceerd in: |
San José, Costa Rica
Grafika
2021
|
| Onderwerpen: | |
| Tags: |
Voeg label toe
Geen labels, Wees de eerste die dit record labelt!
|
MARC
| LEADER | 00000nam a2200000Ia 4500 | ||
|---|---|---|---|
| 008 | 170316s9999 xx 000 0 spa d | ||
| 020 | |a 978-9930-573-60-0 | ||
| 040 | |a cru BVZT | ||
| 090 | |a 410 G-2pr V. II - T. I | ||
| 100 | |a Gaínza, Gastón |9 1606 | ||
| 245 | |a Propuestas y Tientos: Volumen II. Artículos y Ponencias: Tomo I |c Gastón Gaínza | ||
| 260 | |a San José, Costa Rica | ||
| 260 | |b Grafika | ||
| 260 | |c 2021 | ||
| 300 | |a 430 páginas | ||
| 650 | |a LINGÜÍSTICA |9 55 | ||
| 650 | |a ENSAYOS |9 146 | ||
| 650 | |a SEMIÓTICA DE LA CULTURA |9 146 | ||
| 650 | |a ARTÍCULOS Y PONENCIAS |9 1607 | ||
| 650 | |a CRÍTICA LITERARIA |9 189 | ||
| 650 | |a TEXTOS LITERARIOS |9 1608 | ||
| 999 | |c 30979 |d 30979 | ||
| 942 | |c SALA |h 410 G-2pr V. II - T. I |2 z | ||



